<?xml version="1.0" encoding="UTF-8"?>
<collection xmlns="http://www.loc.gov/MARC21/slim">
<record>
  <controlfield tag="001">6799</controlfield>
  <controlfield tag="005">20240211202011.0</controlfield>
  <datafield tag="037" ind1=" " ind2=" ">
    <subfield code="a">RADIOTV-2024-0004</subfield>
  </datafield>
  <datafield tag="100" ind1=" " ind2=" ">
    <subfield code="a">Berghmans, David</subfield>
  </datafield>
  <datafield tag="245" ind1=" " ind2=" ">
    <subfield code="a">De Ochtend, presentatie Lien De Cooman</subfield>
  </datafield>
  <datafield tag="260" ind1=" " ind2=" ">
    <subfield code="c">2024</subfield>
  </datafield>
  <datafield tag="269" ind1=" " ind2=" ">
    <subfield code="c">2024-02-11</subfield>
  </datafield>
  <datafield tag="520" ind1=" " ind2=" ">
    <subfield code="a">Vrijdag vond er een zonne-uitbarsting plaats. Zonnefysicus bij de Koninklijke Sterrenwacht David Berghmans legt uit wat er gebeurt: "Je kan het vergelijken met een grote kortsluiting op de zon. Er ontstaat dan een uitbarsting met een zonnevlam." Wat de gevolgen van zo'n zonnevlam op aarde zijn, hoor je in het fragment.</subfield>
  </datafield>
  <datafield tag="594" ind1=" " ind2=" ">
    <subfield code="a">STCE</subfield>
  </datafield>
  <datafield tag="653" ind1="1" ind2=" ">
    <subfield code="a">zon</subfield>
  </datafield>
  <datafield tag="653" ind1="1" ind2=" ">
    <subfield code="a">corona</subfield>
  </datafield>
  <datafield tag="653" ind1="1" ind2=" ">
    <subfield code="a">zonnevlam</subfield>
  </datafield>
  <datafield tag="773" ind1=" " ind2=" ">
    <subfield code="t">VRT Radio 1</subfield>
  </datafield>
  <datafield tag="856" ind1="0" ind2=" ">
    <subfield code="f">david.berghmans@ksb-orb.be</subfield>
  </datafield>
  <datafield tag="856" ind1="4" ind2="2">
    <subfield code="a">https://radio1.be/luister/select/de-ochtend/zwaarste-zonne-uitbarsting-van-de-afgelopen-jaren-storingen-bij-navigatiesystemen-en-communicatiekanalen</subfield>
  </datafield>
  <datafield tag="980" ind1=" " ind2=" ">
    <subfield code="a">RADIOTV</subfield>
  </datafield>
</record>
</collection>